Vývoj cestovného ruchu v Českej republike v rokoch 2003 - 1. polrok 2007

Charakteristika Českej republiky z pohľadu cestovného ruchu. Analýza základných makroekonomických ukazovateľov v ČR (devízové príjmy, devízové výdavky). SWOT analýza cestovného ruchu v ČR: silné stránky, slabé stránky, príležitosti a riziká.

Enregistré dans:
Détails bibliographiques
Auteur principal: Žembová, Zuzana
Format: Chapitre de livre
Langue:slovaque
Sujets:
Tags: Ajouter un tag
Pas de tags, Soyez le premier à ajouter un tag!

MARC

LEADER 00000naa$a2200000$$$4500
001 0073100
005 20240527083434.8
041 0 |a slo 
044 |a SK 
245 1 0 |a Vývoj cestovného ruchu v Českej republike v rokoch 2003 - 1. polrok 2007  |c Zuzana Žembová 
520 |a Charakteristika Českej republiky z pohľadu cestovného ruchu. Analýza základných makroekonomických ukazovateľov v ČR (devízové príjmy, devízové výdavky). SWOT analýza cestovného ruchu v ČR: silné stránky, slabé stránky, príležitosti a riziká. 
610 2 0 |a ruch cestovný domáci 
610 2 0 |a ruch cestovný aktívny 
610 2 0 |a príjmy 
610 2 0 |a výdavky 
610 2 0 |a zariadenia ubytovacie 
610 2 0 |a príroda 
610 2 0 |a geografia 
610 2 0 |a pamiatky 
610 2 0 |a služby 
610 2 0 |a kvalita 
610 2 0 |a regióny 
610 2 0 |a analýza swot 
610 2 0 |a Česko 
100 1 |a Žembová, Zuzana